000 00970cam a2200301Ia 4500
001 42638
005 20230410132941.0
008 020613t1964 ag b 000 0 spa d
035 _a(OCoLC)ocm49992077
040 _aU@S
_bspa
_cU@S
_dDIBAM
035 _a(OCoLC)49992077
041 1 _aspa
_hfre
050 1 4 _aB 2948
_bS488h 1964
049 _aGRAL
100 1 _aSerreau, René.
245 1 0 _aHegel y el hegelianismo /
_cRené Serreau ; [traducción, León Sigal ; revisión técnica, Oberdan Caletti].
250 _a4. ed.
260 _aBuenos Aires :
_bEudeba,
_cc1964.
300 _a105 p. ;
_c19 cm.
490 1 _aCuadernos ;
_v126
500 _aTraducción de: Hégel et l'hégélianisme.
504 _aIncluye referencias bibliográficas (p. 107-108).
600 1 0 _aHegel, Georg Wilhelm Friedrich,
_d1770-1831.
830 0 _aCuadernos (Editorial Universitaria de Buenos Aires) ;
_v126.
942 _2lcc
_cbk
946 _aclperez
994 _aC0
_bDRFGD
999 _c90747
_d90747